LIBRARY & INFORMATION CENTRE, KCAET, TAVANUR

ONLINE PUBLIC ACCESS CATALOGUE (OPAC)

Foundations of electronics / (Record no. 10806)

MARC details
000 -LEADER
fixed length control field 00503cam a2200193ua 4500
003 - CONTROL NUMBER IDENTIFIER
control field OSt
008 - FIXED-LENGTH DATA ELEMENTS--GENERAL INFORMATION
fixed length control field 250104b |||||||| |||| 00| 0 eng d
041 ## - LANGUAGE CODE
Language code of text/sound track or separate title eng
082 ## - DEWEY DECIMAL CLASSIFICATION NUMBER
Classification number 621.381
Item number CHA/FO
100 ## - MAIN ENTRY--AUTHOR NAME
Personal name Chattopadhyay, D .
245 ## - TITLE STATEMENT
Title Foundations of electronics /
250 ## - EDITION STATEMENT
Edition statement 2 /
260 ## - PUBLICATION, DISTRIBUTION, ETC. (IMPRINT)
Place of publication New Delhi :
Name of publisher New Age International Ltd ,
Year of publication 1999.
300 ## - PHYSICAL DESCRIPTION
Number of Pages 450 ; .
700 1# - ADDED ENTRY--PERSONAL NAME
Personal name Purkart, N.N .
700 1# - ADDED ENTRY--PERSONAL NAME
Personal name Rakshit, P.C .
700 1# - ADDED ENTRY--PERSONAL NAME
Personal name Saha, B .
942 ## - ADDED ENTRY ELEMENTS (KOHA)
Koha item type Books
Holdings
Withdrawn status Lost status Damaged status Home library Current library Date acquired Full call number Accession Number Koha item type
      KAUAET KAUAET 07/04/2012 621.381 CHA/FO 20418 Books
free website counter